City of night /

Uloženo v:
Podrobná bibliografie
Hlavní autor: Rechy, John (Autor)
Médium: Kniha
Jazyk:angličtina
Vydáno: New York : Grove Press, 1963
Tagy: Přidat tag
Žádné tagy, Buďte první, kdo vytvoří štítek k tomuto záznamu!

MARC

LEADER 00000nam a22000001i 4500
001 IT\ICCU\SBL\0012970
003 ItRI
005 20250922141444.0
008 910930s1963 xxu|||||| ||||| |||||c
040 |b ita  |c ct 
041 7 |a eng  |2 ISO-639-2 
100 1 |a Rechy, John  |0 IT\ICCU\RAVV\067902  |4 aut 
245 1 0 |a City of night /  |c by John Rechy. 
260 |a New York :  |b Grove Press,  |c 1963 
300 |a 410 p. ;  |c 18 cm. 
942 |2 ddc  |c BK 
952 |0 0  |1 0  |2 ddc  |4 0  |6 B_LNR02RECJOCIT11  |7 1  |9 6039  |a MI  |b MI  |d 1987-11-27  |i 696  |l 0  |o B-LNR02-RECJO-CIT11  |p CDOM696  |r 2025-07-13 16:28:00  |w 2025-07-13  |x DONO  |y BK 
981 1 |6 z01  |a i   |b xxxe  
982 1 |6 z01  |a n 
999 |c 4823  |d 4823